Trechdiagonal'nyje matricy i ich priloženija

Enregistré dans:
Détails bibliographiques
Format: Livre
Langue:russe
Publié: Moskva Nauka 1985
Édition:1. izd.
Tags: Ajouter un tag
Pas de tags, Soyez le premier à ajouter un tag!

MARC

LEADER 00000nam a2200000 4500
001 c024456
005 20260130123314.9
041 0 |a rus 
044 |a RU 
245 1 0 |a Trechdiagonal'nyje matricy i ich priloženija  |c Valerij Pavlovič Il'jin, Jurij Ivanovič Kuznecov 
250 |a 1. izd. 
264 1 |a Moskva  |b Nauka  |c 1985 
300 |a 206 s.